000 00379cam a22001217a 4500
008 180718b1956 xxu||||| |||| 00| 0 eng d
082 _aZ49x42 D569
100 _aDigby, Margaret
245 _aAgricultural co-operation in the commonwealth
_cby Margaret Digby
260 _aOxford
_bBlackwell
_c1956
300 _a172p
650 _aAgriculture, Cooperative --Great Britain --Colonies
999 _c427370
_d427370